[Event "BAN-chB (Women) 41st"]
[Site "Dhaka"]
[Date "2022.11.07"]
[Round "1"]
[White "Rumana, Ferdous"]
[Black "Ferdousi, Ajmira"]
[Result "1-0"]
[WhiteElo "1542"]
[BlackElo "1004"]
[PlyCount "63"]
[EventDate "2022.11.07"]
[EventType "swiss"]
[EventRounds "8"]
[EventCountry "BAN"]
[SourceTitle "EXT 2024"]
[Source "ChessBase"]
[SourceDate "2023.10.10"]
[SourceVersion "1"]
[SourceVersionDate "2023.10.10"]
[SourceQuality "1"]

1. e4 e5 2. Nf3 Nc6 3. d4 d6 4. dxe5 dxe5 5. Qxd8+ Nxd8 6. Nxe5 Bb4+ 7. Bd2 Bd6 8. Nc4 Be6 9. Nc3 Nc6 10. 0-0-0 Bc5 11. Be3 Bxe3+ 12. Nxe3 Kf8 13. Bb5 a6 14. Bc4 Bxc4 15. Nxc4 Nge7 16. Rd7 Rc8 17. Rhd1 g6 18. Ne3 h6 19. Ned5 a5 20. Nxc7 Kg7 21. N7d5 b6 22. Nxe7 Nxe7 23. Rxe7 Rhd8 24. Rdd7 Rf8 25. Nd5 h5 26. Nxb6 Rb8 27. Nc4 Rb5 28. Nd6 Rfb8 29. Nxb5 Rxb5 30. Rxf7+ Kh6 31. h4 Rb4 32. Rh7# 1-0

[Event "Dhaka Shamsher Ali Cup 3rd"]
[Site "Dhaka"]
[Date "2018.03.04"]
[Round "3"]
[White "Ahmed, Walijah"]
[Black "Rumana, Ferdous"]
[Result "1-0"]
[WhiteElo "1576"]
[BlackElo "1571"]
[PlyCount "121"]
[EventDate "2018.03.02"]
[EventType "swiss"]
[EventRounds "7"]
[EventCountry "BAN"]
[SourceTitle "EXT 2019"]
[Source "ChessBase"]
[SourceDate "2018.10.10"]
[SourceVersion "1"]
[SourceVersionDate "2018.10.10"]
[SourceQuality "1"]

1. e4 e5 2. Nf3 Nf6 3. Nxe5 d6 4. Nf3 Nxe4 5. d4 d5 6. Bd3 Bd6 7. 0-0 0-0 8. c4 c6 9. Re1 Re8 10. Ng5 g6 11. h3 Nxg5 12. Rxe8+ Qxe8 13. Bxg5 Be6 14. Qe2 Nd7 15. cxd5 Bxd5 16. Nc3 Qxe2 17. Bxe2 Re8 18. Kf1 Be6 19. Re1 Nb6 20. Bd3 Bf8 21. Bf4 Bg7 22. Be5 Rd8 23. Bc2 Bc4+ 24. Kg1 Bxe5 25. dxe5 Rd2 26. Rc1 Nd5 27. Ne4 Re2 28. Nd6 Bxa2 29. Nxb7 Rxe5 30. Ba4 Nf4 31. Kf1 Nd3 32. Rd1 Nxb2 33. Rd8+ Kg7 34. Bxc6 Bc4+ 35. Kg1 Nd3 36. f3 Nb4 37. Rd6 Nxc6 38. Rxc6 Bb5 39. Rc7 Rd5 40. Nc5 a6 41. Kf2 Rd2+ 42. Kg3 Bf1 43. Ne6+ Kf6 44. Nf4 a5 45. Rc5 a4 46. Nd5+ Kg7 47. Ne3 Be2 48. Ra5 Ra2 49. Nd5 Ra3 50. Nb6 Bd1 51. Nc4 Ra2 52. Nd6 Bb3 53. Nb5 Rd2 54. Na3 Rd5 55. Ra7 Kf6 56. Ra6+ Ke5 57. Ra7 Kd4 58. Nb1 h6 59. Kf2 Kd3 60. Rc7 Rd4 61. Rc3# 1-0

[Event "Dhaka Shamsher Ali Cup 3rd"]
[Site "Dhaka"]
[Date "2018.03.02"]
[Round "1"]
[White "Ummay Sumaya, Eyenoor"]
[Black "Rumana, Ferdous"]
[Result "0-1"]
[WhiteElo "1015"]
[BlackElo "1571"]
[PlyCount "54"]
[EventDate "2018.03.02"]
[EventType "swiss"]
[EventRounds "7"]
[EventCountry "BAN"]
[SourceTitle "EXT 2019"]
[Source "ChessBase"]
[SourceDate "2018.10.10"]
[SourceVersion "1"]
[SourceVersionDate "2018.10.10"]
[SourceQuality "1"]

1. e4 d5 2. e5 d4 3. Nf3 c5 4. Na3 e6 5. Bc4 Ne7 6. 0-0 Ng6 7. Re1 Be7 8. d3 0-0 9. c3 Nc6 10. Re4 Qc7 11. cxd4 cxd4 12. Nxd4 Ncxe5 13. Nab5 Qd8 14. Qh5 Nxc4 15. dxc4 Bf6 16. Nf3 Bd7 17. Nd6 Bc6 18. Rh4 Bxh4 19. Nxh4 Nxh4 20. Bf4 Ng6 21. c5 Nxf4 22. Qg4 Qf6 23. f3 Qxb2 24. Rf1 Qd4+ 25. Kh1 Qd3 26. Rf2 Qd1+ 27. Rf1 Qxf1# 0-1

[Event "Dhaka IRT U2000"]
[Site "Dhaka"]
[Date "2018.02.21"]
[Round "8"]
[White "Dibakar, Dibya"]
[Black "Rumana, Ferdous"]
[Result "1-0"]
[WhiteElo "1655"]
[BlackElo "1571"]
[PlyCount "99"]
[EventDate "2018.02.14"]
[EventType "swiss"]
[EventRounds "9"]
[EventCountry "BAN"]
[SourceTitle "EXT 2024"]
[Source "ChessBase"]
[SourceDate "2023.10.10"]
[SourceVersion "1"]
[SourceVersionDate "2023.10.10"]
[SourceQuality "1"]

1. e4 e5 2. Nf3 Nf6 3. Nxe5 d6 4. Nf3 Nxe4 5. d3 Nf6 6. d4 d5 7. Bd3 Bd6 8. 0-0 0-0 9. Re1 Bg4 10. Bg5 Nbd7 11. Nbd2 Re8 12. c3 h6 13. Bh4 c6 14. Qc2 Qc7 15. h3 Bh5 16. g4 g5 17. Nxg5 hxg5 18. Bxg5 Nxg4 19. hxg4 Bxg4 20. Bf5 Bh5 21. Kg2 Kg7 22. Rh1 Rh8 23. Rh3 Bg6 24. Rah1 Rxh3 25. Rxh3 Bf4 26. Bxg6 fxg6 27. Nf3 Nf6 28. Bxf4 Qxf4 29. Rh4 Qd6 30. Ne5 Nd7 31. Rg4 Nxe5 32. dxe5 Qe6 33. Qe2 Re8 34. f4 Qf5 35. Kg3 Qh5 36. Qh2 Qxh2+ 37. Kxh2 Kf7 38. Kg3 Rg8 39. Rh4 Rg7 40. Kg4 a6 41. Kg5 Ke6 42. Rh6 Kf7 43. e6+ Kxe6 44. Rxg6+ Rxg6+ 45. Kxg6 Ke7 46. f5 Kf8 47. Kf6 b5 48. b4 a5 49. bxa5 b4 50. cxb4 1-0